Broadcasting and school education in Scotland /

Saved in:
Bibliographic Details
Corporate Author: Great Britain. Scottish Education Dept
Other Authors: Duncan, Judith A.
Format: Book
Language:English
Published: Edinburgh : H.M.S.O., 1984.
Series:Occasional papers (Great Britain. Scottish Education Dept.)
Subjects:
LEADER 01132nam a2200289 a 4500
001 c000312980
003 CARM
005 00000000000000.0
008 840622s1984 stka b f00000 eng
019 1 |a 3594400  |5 LACONCORD2021 
020 |a 0114923566 (pbk.) :  |c 7.55 
035 |a (OCoLC)11400453  |5 LACONCORD2021 
043 |a e-uk-st 
050 0 0 |a LB1044.8  |b .B76 1984 
082 0 4 |a 371.333109411  |2 19 
245 0 0 |a Broadcasting and school education in Scotland /  |c Scottish Education Department ; edited by Judith Duncan. 
260 |a Edinburgh :  |b H.M.S.O.,  |c 1984. 
300 |a 149 p. :  |b ill. ;  |c 21 cm. 
490 0 |a Occasional papers. 
504 |a Includes bibliographies. 
650 0 |a Educational broadcasting  |z Scotland. 
700 1 0 |a Duncan, Judith A., 
710 1 0 |a Great Britain.  |b Scottish Education Dept. 
830 0 |a Occasional papers (Great Britain. Scottish Education Dept.) 
852 8 |b CARM  |h A3:AB22B0  |i B10947  |p 0471853  |f BK 
999 f f |i bc4e779d-ebfc-5875-9ab1-b8f52b513a56  |s f525fba7-bbc9-59f3-83e4-a6ed12d11668 
952 f f |p Can circulate  |a CAVAL  |b CAVAL  |c CAVAL  |d CARM 1 Store  |e B10947  |f A3:AB22B0  |h Other scheme  |i book  |m 0471853